Tế bào học
Αποθηκεύτηκε σε:
| Κύριος συγγραφέας: | |
|---|---|
| Άλλοι συγγραφείς: | |
| Μορφή: | Βιβλίο |
| Έκδοση: |
Hà Nội
Đại học quốc gia Hà Nội
2009
|
| Έκδοση: | In lần thứ 4 |
| Θέματα: | |
| Ετικέτες: |
Προσθήκη ετικέτας
Δεν υπάρχουν, Καταχωρήστε ετικέτα πρώτοι!
|
| Thư viện lưu trữ: | Trung tâm Học liệu Lê Vũ Hùng, Trường Đại học Đồng Tháp |
|---|
| LEADER | 00869pam a22002418a 4500 | ||
|---|---|---|---|
| 001 | 00044433 | ||
| 005 | 20190725150728.0 | ||
| 008 | 110429s2000 ||||||Viesd | ||
| 020 | # | # | |c 28000 |
| 041 | 0 | # | |a Vie |
| 082 | 1 | 4 | |a 571.6 |b T250B |
| 100 | 1 | # | |a Nguyễn, Thị Hiền |
| 245 | 1 | 0 | |a Tế bào học |c Nguyễn Như Hiền, Trịnh Xuân Hậu |
| 250 | # | # | |a In lần thứ 4 |
| 260 | # | # | |a Hà Nội |b Đại học quốc gia Hà Nội |c 2009 |
| 300 | # | # | |a 229 tr. |c 21 cm. |
| 653 | # | # | |a Chức năng |
| 653 | # | # | |a Cấu trúc |
| 653 | # | # | |a Giáo trình |
| 653 | # | # | |a Tế bào học |
| 700 | 1 | # | |a Trịnh, Xuân Hậu |
| 852 | # | # | |j KD.0026500 |j KM.0031239 |j KM.0031240 |j KM.0031241 |j KM.0031242 |j KM.0031243 |j KM.0031244 |j KM.0031245 |j KM.0031246 |
| 980 | # | # | |a Trung tâm Học liệu Lê Vũ Hùng, Trường Đại học Đồng Tháp |